000 00474nam a22001817a 4500
005 20221109171207.0
008 221109b ||||| |||| 00| 0 eng d
040 _cAL
041 _aEnglish
082 _223
_a380
_bGUNB
100 _aB P Gunaji
_961607
245 _aBombay Chamber of Commerce and Industry
260 _aBombay
_bB P Gunaji
_c1976
300 _a1023 p.
_bHB
_c21x14 cm.
650 _aIndustry
_961608
700 _aGUNAJI (B P)
_961609
942 _2ddc
_cGF
999 _c225106
_d225106